000 00257nam a2200097Ia 4500
001 709709
005 20250826162552.0
008 250824s9999 xx 000 0 und d
245 0 _aÇOCUKLAR GİBİ GÜZEL ÖYKÜLER
_cVURAL KAYA
260 _bYEDİVEREN YAYINLARI
999 _c709709
_d709709